Za napadnutie chovankyne dostal výpoveď exriaditeľ žaluje reedukačné centrum

Bibliographic Details
Main Author: Šimoňáková, Mária, 1978- (Author)
Format: Article
Language:Slovak
PhysicalDescription:Fotogr.
ISSN:1335-7590
Subjects:

MARC

LEADER 00000nab a2200000 ar4500
001 vtls010534811
003 SK-MaSNL
005 20260305040846.0
008 130813c20120426xo mr|p|||||||000 b|slo
038 |a SNSK 
040 |b slo  |c SNSK  |e AACR2 
041 |a slo 
044 |a xo  |c SK 
080 |a 37.018.3  |x (437.67)  |2 2001 
080 |a 65.012.42  |2 201 
100 1 |a Šimoňáková, Mária,  |d 1978-  |4 aut  |9 115064 
245 1 0 |a Za napadnutie chovankyne dostal výpoveď  |b exriaditeľ žaluje reedukačné centrum  |c Mária Šimoňáková 
300 |b Fotogr. 
610 2 7 |a Reedukčný domov pre mládež (Spišský Hrhov, Slovensko)  |2 snsk  |9 208182 
650 0 7 |a súdne spory  |2 snsk  |9 59780 
650 0 7 |a fyzické násilie  |2 snsk  |9 836977 
650 0 7 |a pracovné výpovede  |2 snsk  |9 1048454 
651 7 |a Spišský Hrhov (Slovensko)  |2 snsk  |9 31832 
651 7 |a Levoča (Slovensko : okres)  |2 snsk  |9 30131 
773 0 |t Spišský Korzár  |g Roč. XIV., č. 97 (26.4.2012), s. 5  |x 1335-7590 
852 |a SNSK  |b KIS3GCP 
999 |c 3340719  |d 3342649